| 000 | 00970nam a22003137a 4500 | ||
|---|---|---|---|
| 003 | EG-ScBUE | ||
| 005 | 20211220100945.0 | ||
| 008 | 110608t2011 nyu f 000 f eng d | ||
| 020 | _a0062064215 | ||
| 020 | _a9780062064219 | ||
| 040 |
_aEG-ScBUE _beng _erda _cEG-ScBUE _dEG-ScBUE |
||
| 082 | 0 | 4 |
_a813.54 _bPHI _222 |
| 100 | 1 | 0 |
_924988 _aPhillips, Susan Elizabeth, _eauthor. |
| 245 | 1 | 0 |
_aCall Me Irresistible / _cSusan Elizabeth Phillips. |
| 246 | 3 | 4 |
_aCall Me Irresistible : _ba novel |
| 264 | 1 |
_aNew York : _bHarper Collins Publishers, _c[2011] |
|
| 264 | 4 | _cc2011 | |
| 300 |
_a387 pages ; _c24 cm |
||
| 336 |
_2rdacontent _atext _btxt |
||
| 337 |
_2rdamedia _aunmediated _bn |
||
| 338 |
_2rdacarrier _avolume _bnc |
||
| 650 | 7 |
_924989 _aBest friends _vFiction. _2BUEsh |
|
| 650 | 7 |
_aWeddings _vFiction. _2BUEsh |
|
| 650 | 7 |
_aCelebrities _vFiction. _2BUEsh |
|
| 651 | _2BUEsh | ||
| 653 |
_cJune2011 _bHHUUEENN |
||
| 655 |
_vReading book _934232 |
||
| 942 |
_2ddc _cBB |
||
| 999 |
_c15579 _d15579 |
||